[Event "Niedersachsen-chT U16"]
[Site "Verden"]
[Date "2002.06.17"]
[Round "6.3"]
[White "Schappert, Philipp"]
[Black "Laux, Benjamin"]
[Result "0-1"]
[WhiteElo "1179"]
[BlackElo "1277"]
[PlyCount "48"]
[EventDate "2002.06.15"]
[EventType "team-tourn"]
[EventRounds "7"]
[EventCountry "GER"]
[SourceTitle "EXT 2003"]
[Source "ChessBase"]
[SourceDate "2002.11.25"]
[SourceVersion "1"]
[SourceVersionDate "2002.11.25"]
[SourceQuality "1"]

1. d4 d5 2. Nf3 Bf5 3. e3 Nf6 4. Be2 e6 5. 0-0 Bd6 6. b3 0-0 7. Bb2 c6 8. Nbd2 Nbd7 9. Rc1 Qe7 10. Ne5 Bxe5 11. dxe5 Ne4 12. f3 Nxd2 13. Qxd2 Qg5 14. f4 Qg6 15. Rf3 Nc5 16. Ba3 Ne4 17. Qe1 Rfd8 18. Rf1 f6 19. Bb2 Kf7 20. Qd1 Qh6 21. Bg4 Bxg4 22. Qxg4 f5 23. Qe2 Rg8 24. Kh1 Ng3+ 0-1

[Event "Niedersachsen-chT U16"]
[Site "Verden"]
[Date "2002.06.16"]
[Round "3.3"]
[White "Schappert, Philipp"]
[Black "Brinkmann, Matthias"]
[Result "1-0"]
[WhiteElo "1179"]
[BlackElo "1277"]
[PlyCount "47"]
[EventDate "2002.06.15"]
[EventType "team-tourn"]
[EventRounds "7"]
[EventCountry "GER"]
[SourceTitle "EXT 2003"]
[Source "ChessBase"]
[SourceDate "2002.11.25"]
[SourceVersion "1"]
[SourceVersionDate "2002.11.25"]
[SourceQuality "1"]

1. d4 Nf6 2. Nf3 e6 3. e3 Be7 4. Bd3 d5 5. 0-0 0-0 6. b3 c5 7. Bb2 Nc6 8. a3 b6 9. Nbd2 Bb7 10. c4 Qc7 11. Ne5 Rfd8 12. cxd5 exd5 13. Rc1 Rac8 14. f4 Qb8 15. Rf3 cxd4 16. exd4 Nxe5 17. fxe5 Rxc1 18. Bxc1 Ne4 19. Qe2 Nc3 20. Bxh7+ Kf8 21. Qf2 Ne4 22. Nxe4 dxe4 23. Rxf7+ Ke8 24. Rxg7 1-0

[Event "Niedersachsen-chT U16"]
[Site "Verden"]
[Date "2002.06.15"]
[Round "1.3"]
[White "Romakin, Helene"]
[Black "Schappert, Philipp"]
[Result "0-1"]
[WhiteElo "1821"]
[BlackElo "1179"]
[PlyCount "38"]
[EventDate "2002.06.15"]
[EventType "team-tourn"]
[EventRounds "7"]
[EventCountry "GER"]
[SourceTitle "EXT 2003"]
[Source "ChessBase"]
[SourceDate "2002.11.25"]
[SourceVersion "1"]
[SourceVersionDate "2002.11.25"]
[SourceQuality "1"]

1. e4 c5 2. Nc3 e6 3. g3 d5 4. exd5 exd5 5. d4 Nf6 6. Bg5 cxd4 7. Qxd4 Nc6 8. Qe3+ Be6 9. 0-0-0 d4 10. Qe2 Qb6 11. Bxf6 gxf6 12. Nd5 Qd8 13. Nf4 Qd7 14. Bh3 Ne5 15. Nxe6 fxe6 16. f4 Qd5 17. Bg2 Qxa2 18. Qb5+ Kf7 19. fxe5 Bh6+ 0-1